000 01140cab a2200313 4500
001 ABS56065
008 090401t1996 xxu||||| |||| 00| 0 eng d
035 _a(Sirsi) u20845
041 _aeng
100 _aCrow, Stephen
245 _aDevelopment control: the child that grew up in the cold
260 _c1996
350 _a0
490 _aPlanning Perspectives
_v4(11) 1996 399-411(13)
520 _aCharts the progression of development control from the Housing, Town Planning etc Act of 1909 to its prominent position in the Town and Country Planning Act 1947.
650 _aDEVELOPMENT CONTROL
650 _aHISTORY
650 _aHOUSING TOWN PLANNING ECT ACT 1919
650 _aHOUSING TOWN PLANNING ETC ACT 1909
650 _aINTERIM DEVELOPMENT ORDERS
650 _aMINISTRY OF TOWN AND COUNTRY PLANNING
650 _aRESTRICTION OF RIBBON DEVELOPMENT ACT 1935
650 _aTOWN AND COUNTRY PLANNING ACT 1932
650 _aTOWN AND COUNTRY PLANNING ACT 1943
650 _aTOWN PLANNING (GENERAL INTERIM DEVELOPMENT) ORDER 1922
690 _aPLANNING LAW AND PRACTICE
942 _n0
948 _c04/03/1997
999 _c13973
_d13973